000 00538cam a22002171 4500
001 sa 67003960
003 DLC
005 20260227112343.0
008 891222s1964 ii 000 0 hino
010 _asa 67003960
035 _a(OCoLC)20817184
040 _aDLC
_cWaU
_dDLC
042 _apremarc
050 0 0 _aPK18275
_b.S48
100 1 _aSiṃha, Durgāśaṅkaraprasāda,
_d1896-
245 1 0 _aBhojapurī, eka samīkshā.
260 _c1964.
300 _a52 p.
_c19 cm.
500 _aIn Hindi.
650 0 _aBhojpuri language.
999 _c74202
_d74202